000 00741cam a22002174a 4500
005 20250605164321.0
008 250528s ||||||||||||||||||||||||d
035 _a22929
020 _a9780273655411
040 _aGR-AtMCL
_bgre
_dGR-AtMCL
_eAACR2
245 1 _aPROJECT MANAGEMENT
250 _a3
260 _bPrentice Hall,
_c2003
300 _a411
505 0 _aINTRODUCTION STRUCTURES AND FRAMEWORKS DEFINE THE PROJECT DESIGN THE PROJECT PROCESS DELIVER THE PROJECT DEVELOP THE PROCESS INDEX
520 _aINTRODUCTION STRUCTURES AND FRAMEWORKS DEFINE THE PROJECT DESIGN THE PROJECT PROCESS DELIVER THE PROJECT DEVELOP THE PROCESS INDEX
700 1 _aMaylor Harvey
_91386
942 _cBK
999 _c7972
_d7972